000 00346nam a2200145Ia 4500
008 191201s2006 xx 000 0 und d
082 _a657
_bRUF
100 _aRUSTOGI, R P
245 0 _aFundamentals of Financial Management
250 _a4th
260 _aN.Delhi
_bGalgotia Pub. Pvt
_c2006
300 _a575
650 _aMBA
942 _2ddc
_cBK
999 _c2648
_d2648